[Event "AUTO-BEG-622"]
[Site "http://www.queenalice.com/game.php?id=1335437"]
[Date "2015.1.18"]
[Round "1"]
[White "DJefferis"]
[Black "Leafar8"]
[Result "0-1"]
[WhiteElo "1415"]
[BlackElo "1445"]

1. e4 e5 2. Nf3 Nc6 3. Bc4 Bc5 4. b4 Bxb4 5. c3 Ba5 6. d4 exd4 7. O-O h6 8. Qb3
Qe7 9. Ba3 d6 10. e5 Nxe5 11. Re1 Nxf3+ 12. gxf3 Qxe1+ 13. Kg2 Qe7 14. cxd4 Nf6
15. Qb5+ Qd7 16. Qxa5 Qh3+ 17. Kg1 O-O 18. Bf1 Qxf3 19. Qc3 Qg4+ 20. Bg2 Nd5 21.
Qf3 Qxf3 22. Bxf3 Be6 0-1

[Event "AUTO-BEG-622"]
[Site "http://www.queenalice.com/game.php?id=1335438"]
[Date "2015.1.18"]
[Round "1"]
[White "Leafar8"]
[Black "DJefferis"]
[Result "1-0"]
[WhiteElo "1507"]
[BlackElo "1427"]

1. e4 e5 2. Nf3 Nc6 3. Bb5 a6 4. Bxc6 dxc6 5. d3 Qd6 6. Nc3 Bg4 7. h3 Bh5 8. g4
Bg6 9. Nh4 f6 10. Nxg6 hxg6 11. a3 Ne7 12. Be3 c5 13. Qf3 Nc6 14. g5 Nd4 15. Qd1
Rh4 16. Nd5 c6 17. Nb6 Rd8 18. Nc4 Qe6 19. c3 Nb5 20. Qe2 Rxh3 21. Rxh3 Qxh3 22.
O-O-O Nc7 23. f3 Qe6 24. Kb1 f5 25. exf5 gxf5 26. Bg1 b5 27. Nxe5 Rd6 28. Re1
1-0

[Event "AUTO-BEG-622"]
[Site "http://www.queenalice.com/game.php?id=1335459"]
[Date "2015.1.18"]
[Round "1"]
[White "Laucin"]
[Black "Leafar8"]
[Result "1-0"]
[WhiteElo "1235"]
[BlackElo "1477"]

1. f3 e5 2. e3 d5 3. d4 exd4 4. exd4 Bd6 5. Nc3 Qh4+ 6. g3 Bxg3+ 7. hxg3 Qxh1 8.
Nce2 Nc6 9. c3 Be6 10. b3 Nge7 11. a4 O-O 12. g4 f5 13. g5 Qh4+ 14. Kd2 Qxg5+
15. Kc2 Qg6 16. Nf4 Qxg1 17. Nxe6 Qh2+ 18. Kb1 Rf6 19. Nc5 b6 20. Na6 Rc8 21.
Bd3 Rg6 22. b4 Rg1 23. Qb3 Qh1 24. Qb2 Qxf3 25. Bc2 Qe2 26. b5 Na5 27. Qb4 Qe1
28. Qb2 Nc4 29. Qb3 1-0

[Event "AUTO-BEG-622"]
[Site "http://www.queenalice.com/game.php?id=1335460"]
[Date "2015.1.18"]
[Round "1"]
[White "Leafar8"]
[Black "Laucin"]
[Result "0-1"]
[WhiteElo "1447"]
[BlackElo "1261"]

1. e4 e5 2. Nf3 f6 3. d4 exd4 4. Nxd4 Qe7 5. Nc3 d6 6. Qd3 Bd7 7. Bf4 Nc6 8.
Nxc6 Bxc6 9. O-O-O Qd8 10. Be2 Qd7 11. h3 h5 12. g4 h4 13. Rhe1 O-O-O 14. g5
fxg5 15. Bg4 Nf6 16. Bxd7+ Rxd7 17. Bxg5 Ne8 18. Nd5 Rh5 19. f4 g6 20. Nf6 Ng7
21. Nxd7 Bxd7 22. e5 Ne6 23. Qxg6 Nd8 24. Qxh5 Kb8 25. Bxd8 b5 26. Qxh4 Kb7 27.
Qh7 Ka6 28. Qxd7 Ka5 29. Rd5 a6 30. Bxc7+ Ka4 0-1

[Event "Challenge"]
[Site "http://www.queenalice.com/game.php?id=1336211"]
[Date "2015.1.22"]
[Round "-"]
[White "Leafar8"]
[Black "brendinha15"]
[Result "0-1"]
[WhiteElo "1541"]
[BlackElo "1394"]

1. e4 d5 2. exd5 Qxd5 3. Nc3 Qd7 4. d4 Nf6 5. Nf3 e6 6. Ne5 Qe7 7. Bf4 Nd5 8.
Bd2 Nc6 9. Bb5 Bd7 10. Nxd7 Qxd7 11. Bxc6 Qxc6 12. Qf3 Bd6 13. Nxd5 Qxd5 14.
Qxd5 exd5 0-1

[Event "Challenge"]
[Site "http://www.queenalice.com/game.php?id=1336212"]
[Date "2015.1.22"]
[Round "-"]
[White "brendinha15"]
[Black "Leafar8"]
[Result "0-1"]
[WhiteElo "1415"]
[BlackElo "1611"]

1. e4 e5 2. Nf3 Nc6 3. Bc4 Bc5 4. Nc3 Nf6 5. Qe2 d6 6. Nd5 Bg4 7. Nxf6+ Qxf6 8.
d3 Nd4 9. Qd1 Nxf3+ 10. gxf3 Bxf3 11. Qxf3 Qxf3 12. Bd2 Qxh1+ 0-1

[Event "AUTO-INT-2955"]
[Site "http://www.queenalice.com/game.php?id=1340478"]
[Date "2015.2.10"]
[Round "1"]
[White "nuage"]
[Black "Leafar8"]
[Result "1-0"]
[WhiteElo "1502"]
[BlackElo "1568"]

1. Nf3 d5 2. d3 Nc6 3. g3 e6 4. Bg2 Nf6 5. O-O Be7 6. Nbd2 O-O 7. c4 dxc4 8.
Nxc4 Bd7 9. Bf4 Nd5 10. Nfe5 Nxe5 11. Bxe5 f6 12. Bd4 c5 13. Bc3 Nxc3 14. bxc3
Rb8 15. e3 e5 16. Qh5 Be6 17. Nd2 Bf7 18. Qf5 Bg6 19. Qe6+ Bf7 20. Qg4 Qxd3 21.
Rad1 Qxc3 22. Ne4 Qc4 23. a3 Qe6 24. Qh4 f5 25. Nxc5 1-0

[Event "AUTO-INT-2955"]
[Site "http://www.queenalice.com/game.php?id=1340479"]
[Date "2015.2.10"]
[Round "1"]
[White "Leafar8"]
[Black "Thanasis"]
[Result "0-1"]
[WhiteElo "1493"]
[BlackElo "1586"]

1. e4 c5 2. Nf3 d6 3. Nc3 Nf6 4. d4 cxd4 5. Nxd4 a6 6. Bg5 e6 7. Bd3 Qb6 8. Bxf6
gxf6 9. Nb3 Nc6 10. Qf3 Be7 11. Qh3 e5 12. Qh6 Be6 13. Nd5 Bxd5 0-1

[Event "AUTO-INT-2955"]
[Site "http://www.queenalice.com/game.php?id=1340480"]
[Date "2015.2.10"]
[Round "1"]
[White "Thanasis"]
[Black "Leafar8"]
[Result "1-0"]
[WhiteElo "1573"]
[BlackElo "1510"]

1. d4 d5 2. c4 e6 3. Nc3 Nf6 4. Nf3 dxc4 5. Bg5 a6 6. e3 b5 7. a4 b4 8. Ne4 Bb7
9. Nxf6+ gxf6 10. Bh4 Qd5 11. Rc1 c3 12. bxc3 Nd7 13. cxb4 1-0

[Event "AUTO-INT-2955"]
[Site "http://www.queenalice.com/game.php?id=1340481"]
[Date "2015.2.10"]
[Round "1"]
[White "Leafar8"]
[Black "Danado"]
[Result "1-0"]
[WhiteElo "1553"]
[BlackElo "1617"]

1. e4 e5 2. Nf3 d6 3. d4 Bg4 4. dxe5 dxe5 5. Qxd8+ Kxd8 6. Nxe5 Be6 7. f4 Bd6 8.
Nf3 Nc6 9. c3 Bxf4 10. Bxf4 f6 11. Bb5 Nge7 12. O-O a6 13. Bxc6 Nxc6 14. Rd1+
Ke7 15. Bxc7 Bg4 16. Nbd2 Rac8 17. Bg3 Rhd8 18. Nb3 Rxd1+ 19. Rxd1 Ke8 20. h3
Bxf3 21. gxf3 b5 22. Kf2 b4 23. c4 Ne5 24. Bxe5 fxe5 25. c5 Ke7 26. Rd5 Ke6 27.
Rd6+ Kf7 28. Rxa6 1-0

[Event "AUTO-INT-2955"]
[Site "http://www.queenalice.com/game.php?id=1340482"]
[Date "2015.2.10"]
[Round "1"]
[White "Danado"]
[Black "Leafar8"]
[Result "1-0"]
[WhiteElo "1641"]
[BlackElo "1590"]

1. e4 e5 2. a3 Nf6 3. Nc3 Nc6 4. Nf3 d6 5. Bb5 Bd7 6. Bxc6 Bxc6 7. d3 Be7 8. Bg5
Nd7 9. Bxe7 Qxe7 10. Qd2 f6 11. O-O-O O-O-O 12. Rhg1 g5 13. h3 h5 14. g3 Rdg8
15. g4 hxg4 16. hxg4 Rh3 17. Rg3 Rxg3 18. fxg3 Rh8 19. Nh2 Rh3 20. Qg2 Qh7 21.
Rh1 Rh6 22. Nd1 Nc5 23. Nf2 Qf7 24. Nf3 Rxh1+ 25. Qxh1 Qf8 26. d4 Nxe4 27. Nxe4
Bxe4 28. c3 Qe8 29. Qf1 Qe6 30. Nd2 Bc6 31. c4 exd4 32. Nb3 Qe3+ 33. Kb1 Qxb3
34. Qh1 1-0